00771nam a2200265Ia 4500003000900000008004100009040001300050040001300063041000800076100002100084100001000105245005200115250001200167260001400179260000900193300001100202300001200213490001600225490000600241700002100247700001400268942000700282999001700289952019900306IT-RoPAU120407s9999 xx 000 0 und d aIT-RoPAU cIT-RoPAU aita aFriedrich Engels ccoll. aMaterialismo dialettico e materialismo storico. aBrescia aLa Scuola c1962 a268 p. c20,5 cm aIl Pensiero v1 aLudwig Feuerbach aKarl Marx cBK c30972d30972 00102ddc406LM__108_00000000000000071aPAULUSbPAULUSd2012-04-11l0oLM.108r2012-04-11 00:00:00w2012-04-11yBKzInserito da: Jole In data: 22 luglio 2011 fondo: Via A.Severo 56 Progr:26002